| 000 | 00454nam a22001817a 4500 | ||
|---|---|---|---|
| 003 | CEME | ||
| 005 | 20210628202544.0 | ||
| 008 | 210122b xxu||||| |||| 00| 0 eng d | ||
| 020 | _a0-521-79540-0 | ||
| 040 | _c. | ||
| 082 | _a514.2 HAT | ||
| 100 |
_aHatcher, Allen _960473 |
||
| 245 | _aAlgebraic topology | ||
| 260 |
_aNEW DELHI _bCAMBRIDGE UNIVERSITY PRESS _c2002 |
||
| 300 | _aXI,542 P | ||
| 650 |
_aALGEBRAIC TOPOLOGY _960474 |
||
| 942 |
_cBK _2ddc |
||
| 999 |
_c570180 _d570180 |
||